LIBRARY & INFORMATION CENTRE, KCAET, TAVANUR

ONLINE PUBLIC ACCESS CATALOGUE (OPAC)

Intermediate english practice book / (Record no. 8527)

MARC details
000 -LEADER
fixed length control field 00493cam a2200205ua 4500
041 ## - LANGUAGE CODE
Language code of text/sound track or separate title eng
082 ## - DEWEY DECIMAL CLASSIFICATION NUMBER
Classification number 425
Item number PIT/IN
100 ## - MAIN ENTRY--AUTHOR NAME
Personal name Pit Corder, S .
245 ## - TITLE STATEMENT
Title Intermediate english practice book /
250 ## - EDITION STATEMENT
Edition statement 1 /
260 ## - PUBLICATION, DISTRIBUTION, ETC. (IMPRINT)
Place of publication London :
Name of publisher Orient-Longman Ltd ,
Year of publication 1968.
300 ## - PHYSICAL DESCRIPTION
Number of Pages 317 ; .
942 ## - ADDED ENTRY ELEMENTS (KOHA)
Koha item type Books
Holdings
Withdrawn status Lost status Damaged status Home library Current library Date acquired Full call number Accession Number Koha item type
      KAUAET KAUAET 07/04/2012 425 12077 Books
Withdrawn     KAUAET Sanskrit University 07/04/2012 425 12078 Books
Withdrawn     KAUAET Sanskrit University 07/04/2012 425 12921 Books
free website counter